| 000 | 00457cam a22001695a 4500 | ||
|---|---|---|---|
| 020 | _a0441017746 (pbk.) | ||
| 020 | _a9780441017744 (pbk.) | ||
| 040 | _cNOB | ||
| 082 | _a813 ACE 1988 A097 Or. | ||
| 100 | 1 | _aKube-McDowell, Michael P. | |
| 245 | 1 | 0 | _aAlternities / |
| 260 |
_aNew York : _bAce Books, _cc1988. |
||
| 300 |
_a383 p. ; _c18 cm. |
||
| 650 | 0 | _aScience fiction. | |
| 710 | 2 | _aCopyright Paperback Collection (Library of Congress) | |
| 942 | _cEK | ||
| 999 |
_c15221 _d15221 |
||